000 06692cam a22020894i 4500
003 PE-LiUPU
005 20250813165724.0
008 150616s1983 mx a rb 000 0 spa d
020 _a9684262167
020 _a9789684262164
035 _a(Sirsi) i9789684262164
035 _a(Sirsi) i9789684262164
040 _aPE-LiUPU
_bspa
_cPE-LiUPU
_dPE-LiUPU
_erda
049 _aPRUA
082 0 4 _a610.73069
_bO21
_221
100 1 _aO'Brien, Maureen J.,
_eautor.
245 1 0 _aComunicación y relaciones en enfermería /
_cMaureen J. O'Brien.
264 1 _aMéxico :
_bEditorial El Manual Moderno,
_c1983.
300 _a273 páginas :
_bilustraciones ;
_c23 centímetros
336 _atext
_2rdacontent
337 _aunmediated
_2rdamedia
338 _avolume
_2rdacarrier
504 _aIncluye bibliografía.
505 0 _aEl arte de la comunicación -- El arte de la conversación -- Poderes de la percepción -- Intervención de la comunicación en el cuidado de la salud -- Expectativas del personal administrativo -- Escritura -- Resumen.
526 _aP203
526 _aP200
526 _aSEG65
526 _aSEG64
526 _aSEG63
526 _aSEG62
526 _aSEG61
526 _aSEG60
526 _aSEG59
526 _aSEG58
526 _aSEG57
526 _aSEG56
526 _aSEG55
526 _aSEG54
526 _aSEG53
526 _aSEG52
526 _aSEG51
526 _aSEG50
526 _aSEG49
526 _aSEG48
526 _aSEG47
526 _aSEG46
526 _aSEG24
526 _aSEG23
526 _aSEG22
526 _aSEG21
526 _aSEG20
526 _aSEG19
526 _aSEG18
526 _aSEG17
526 _aSEG16
526 _aSEG14
526 _aSEG13
526 _aSEG12
526 _aSEG11
526 _aSEG10
526 _aSEG09
526 _aSEG06
526 _aSEG05
526 _aSEG04
526 _aSEG03
526 _aSEG02
526 _aSEG68
526 _aSEG66
526 _aSEG45
526 _aSEG25
526 _aSEG01
526 _aP163
526 _aP162
526 _aP161
526 _aP160
526 _aP159
526 _aP158
526 _aP157
526 _aP156
526 _aP155
526 _aP154
526 _aP153
526 _aP152
526 _aP151
526 _aP150
526 _aP149
526 _aP142
526 _aP141
526 _aP140
526 _aP139
526 _aP138
526 _aP137
526 _aP132
526 _aP131
526 _aP130
526 _aP126
526 _aP125
526 _aP124
526 _aP123
526 _aP115
526 _aP122
526 _aP121
526 _aP116
526 _a P114
526 _aP112
526 _aP111
526 _aP104
526 _aP103
526 _aP102
526 _aP101
526 _aP100
526 _aP96
526 _aP95
526 _aP93
526 _aP92
526 _aP91
526 _aP88
526 _aP83
526 _aP82
526 _aP79
526 _aP78
526 _aP75
526 _aP74
526 _aP71
526 _aP69
526 _a P51
526 _aP49
526 _aP48
526 _aP47
526 _aP33
526 _aP31
526 _a P30
526 _aP29
526 _aP27
526 _aP26
526 _aP25
526 _aP24
526 _a P22
526 _aP10
526 _aP09
526 _a P08
526 _aP06
526 _aP05
526 _aP04
526 _aP01
650 0 4 _aComunicación en enfermería.
650 0 4 _aComunicación interpersonal (enfermería).
650 0 4 _aEnfermería y paciente.
910 _ajck
_bjvq
_cjck
942 _2ddc
_cBOOK
949 _a610.73069 O21
_wDEWEY
_c1
_i33072
_lDISCARD
_mBUL
_r0
_sY
_tBOOK
_u2015-6-16
_xSALUD
_zUNKNOWN
_0COMPRA
_o.STAFF. Colección General
949 _a610.73069 O21
_wDEWEY
_c2
_i33073
_d2016-5-30
_e2016-5-23
_f2017-2-16
_g1
_lCCODEBUL1
_mBUL
_n1
_r0
_sY
_tBOOK
_u2015-6-16
_xSALUD
_zUNKNOWN
_0COMPRA
_o.STAFF. Colección Ciencias de la Salud
949 _a610.73069 O21
_wDEWEY
_c3
_i33074
_lCCODEBUL1
_mBUL
_r0
_sY
_tBOOK
_u2015-6-16
_xSALUD
_zUNKNOWN
_0COMPRA
_o.STAFF. Colección General
949 _a610.73069 O21
_wDEWEY
_c4
_i33075
_f2017-2-16
_g1
_lCCODEBUL1
_mBUL
_r0
_sY
_tBOOK
_u2015-6-16
_xSALUD
_zUNKNOWN
_0COMPRA
_o.STAFF. Colección General
949 _a610.73069 O21
_wDEWEY
_c5
_i33076
_lDISCARD
_mBUL
_r0
_sY
_tBOOK
_u2015-6-16
_xSALUD
_zUNKNOWN
_0COMPRA
_o.STAFF. Colección General
949 _a610.73069 O21
_wDEWEY
_c6
_i28063
_f2017-2-16
_g1
_lCCODEBUL1
_mBUL
_r0
_sY
_tBOOK
_u2015-6-16
_xSALUD
_zUNKNOWN
_0COMPRA
_o.STAFF. Colección General
949 _a610.73069 O21
_wDEWEY
_c7
_i31830
_f2017-2-16
_g1
_lCCODEBUL1
_mBUL
_r0
_sY
_tBOOK
_u2015-6-16
_xSALUD
_zUNKNOWN
_0COMPRA
_o.STAFF. Colección General
949 _a610.73069 O21
_wDEWEY
_c8
_i33071
_f2017-2-16
_g1
_lCCODEBUL1
_mBUL
_r0
_sY
_tBOOK
_u2015-6-16
_xSALUD
_zUNKNOWN
_0COMPRA
_o.STAFF. Colección General
994 _aC0
_bPEPRU
596 _a1
999 _a610.73069 O21
_wDEWEY
_c48732
_i33072
_lDISCARD
_mBUL
_r0
_sY
_tBOOK
_u2015-6-16
_xSALUD
_zUNKNOWN
_0COMPRA
_o.STAFF. Colección General
_d48732
999 _a610.73069 O21
_wDEWEY
_c2
_i33073
_d2016-5-30
_e2016-5-23
_f2021-11-3
_g5
_lCCODEBUL1
_mBUL
_n1
_p20.00
_r0
_sY
_tBOOK
_u2015-6-16
_xSALUD
_zUNKNOWN
_0COMPRA
_o.STAFF. Colección Ciencias de la Salud
999 _a610.73069 O21
_wDEWEY
_c3
_i33074
_lLOST
_mBUL
_r1
_sN
_tBOOK
_u2015-6-16
_xSALUD
_zUNKNOWN
_0COMPRA
_o.STAFF. Colección General
999 _a610.73069 O21
_wDEWEY
_c4
_i33075
_f2019-12-11
_g4
_lDISCARD
_mBUL
_r1
_sY
_tBOOK
_u2015-6-16
_xSALUD
_zUNKNOWN
_0COMPRA
_o.STAFF. Colección General
999 _a610.73069 O21
_wDEWEY
_c5
_i33076
_lDISCARD
_mBUL
_r0
_sY
_tBOOK
_u2015-6-16
_xSALUD
_zUNKNOWN
_0COMPRA
_o.STAFF. Colección General
999 _a610.73069 O21
_wDEWEY
_c6
_i28063
_f2019-12-11
_g4
_lDISCARD
_mBUL
_r1
_sY
_tBOOK
_u2015-6-16
_xSALUD
_zUNKNOWN
_0COMPRA
_o.STAFF. Colección General
999 _a610.73069 O21
_wDEWEY
_c7
_i31830
_f2019-12-11
_g4
_lDISCARD
_mBUL
_r1
_sY
_tBOOK
_u2015-6-16
_xSALUD
_zUNKNOWN
_0COMPRA
_o.STAFF. Colección General
999 _a610.73069 O21
_wDEWEY
_c8
_i33071
_f2019-12-11
_g4
_lDISCARD
_mBUL
_r1
_sY
_tBOOK
_u2015-6-16
_xSALUD
_zUNKNOWN
_0COMPRA
_o.STAFF. Colección General
980 _81
_gALBERTO SANCHEZ Responsable de Automatización